000 00629nam a22002297a 4500
003 UA-OsUOA
001 49768
007 ta
008 20140127b un ||||| |||| 00| 0 ukr d
090 _a082
942 _cBK
040 _aUA-OsUOA
_bukr
_cUA-OsUOA
_dUA-OsUOA
245 _aUkrainica: Архівні студії
_bВип. 1
300 _a282 с.
955 _a1
041 _aukr
080 _a082
260 _aК.
_c1997
650 7 _a08 Видання. Колективні праці
_2UDC
999 _c429892
_d429892